重庆市市辖区 - Statistics

General Stats
  • This quiz has been taken 19 times
  • The average score is 22 of 26
Answers on the Map
Answers color-coded by a green-red scale on the quiz's map according to % correct below.
 
Answer Stats
Answer % Correct
万州区
100%
渝中区
100%
江北区
100%
南岸区
100%
涪陵区
94%
大渡口区
94%
沙坪坝区
94%
九龙坡区
94%
北碚区
94%
渝北区
94%
綦江区
88%
璧山区
88%
开州区
88%
大足区
82%
巴南区
82%
江津区
82%
合川区
82%
黔江区
76%
长寿区
71%
永川区
71%
铜梁区
71%
荣昌区
71%
潼南区
65%
武隆区
65%
南川区
59%
梁平区
59%
No matching quizzes found
Score Distribution
Percent of People with Each Score
Percentile by Number Answered
Your Score History
You have not taken this quiz